LEADER 01107cam2-22003731i-450- 001 990005481320403321 005 20130916114235.0 035 $a000548132 035 $aFED01000548132 035 $a(Aleph)000548132FED01 035 $a000548132 100 $a19990604d1979----km-y0itay50------ba 101 0 $aita 102 $aIT 105 $aa-------001yy 200 1 $a<<2.: Il >>Piemonte, la Val d'Aosta, la Liguria$ftesto di Sandro Chierici, Duilio Citi$gfotografie di Zodiaque 210 $aMilano$cJaca Book$d1979 215 $a485 p.$cill.$d23 cm 225 1 $aGià e non ancora$iArte$v2 461 0$1001000548126$12001$a<>Italia romanica$v02 676 $a720.945 702 1$aChierici,$bSandro 702 1$aCiti,$bDuilio 801 0$aIT$bUNINA$gRICA$2UNIMARC 901 $aBK 912 $a990005481320403321 952 $aARCH B 2110$b14591$fFARBC 952 $a720.945 IT. ROM. 1(2)$bST.ARTE 13812$fFLFBC 952 $a05.284$b2349$fDARST 959 $aFLFBC 959 $aFARBC 959 $aDARST 996 $aPiemonte, la Val d'Aosta, la Liguria$9590106 997 $aUNINA LEADER 04869nam 2200733 450 001 9910137218803321 005 20230621141305.0 035 $a(CKB)3710000000520106 035 $a(SSID)ssj0001669419 035 $a(PQKBManifestationID)16459305 035 $a(PQKBTitleCode)TC0001669419 035 $a(PQKBWorkID)15002919 035 $a(PQKB)11517963 035 $a(WaSeSS)IndRDA00056844 035 $a(oapen)https://directory.doabooks.org/handle/20.500.12854/44286 035 $a(EXLCZ)993710000000520106 100 $a20160829d2015 fy 0 101 0 $aeng 135 $aurmu#---uuuuu 181 $ctxt$2rdacontent 182 $cc$2rdamedia 183 $acr$2rdacarrier 200 00$aCriticality as a signature of healthy neural systems$b[electronic resource] $emulti-scale experimental and computational studies /$ftopic editors Paolo Massobrio, Lucilla de Arcangelis, Valentina Pasquale, Henrik J. Jensen and Dietmar Plenz 210 $cFrontiers Media SA$d2015 210 1$a[Lausanne, Switzerland] :$cFrontiers Media SA,$d2015 215 $a1 online resource (139 pages) $cillustrations; digital, PDF file(s) 225 1 $aFrontiers Research Topics 225 1 $aFrontiers in Systems Neuroscience 300 $aBibliographic Level Mode of Issuance: Monograph 311 $a2-88919-503-1 320 $aIncludes bibliographical references. 330 3 $aSince 2003, when spontaneous activity in cortical slices was first found to follow scale-free statistical distributions in size and duration, increasing experimental evidences and theoretical models have been reported in the literature supporting the emergence of evidence of scale invariance in the cortex. Although strongly debated, such results refer to many different in vitro and in vivo preparations (awake monkeys, anesthetized rats and cats, in vitro slices and dissociated cultures), suggesting that power law distributions and scale free correlations are a very general and robust feature of cortical activity that has been conserved across species as specific substrate for information storage, transmission and processing. Equally important is that the features reminiscent of scale invariance and criticality are observed at scale spanning from the level of interacting arrays of neurons all the way up to correlations across the entire brain. Moreover, the existing relationship between features of structural connectivity and functional critical states remains partly unclear, although investigated with both analyses of experimental data and in silico models. Thus, if we accept that the brain operates near a critical point, little is known about the causes and/or consequences of a loss of criticality and its relation with brain diseases (e.g. epilepsy). The study of how pathogenetical mechanisms are related to the critical/non-critical behavior of neuronal networks would likely provide new insights into the cellular and synaptic determinants of the emergence of critical-like dynamics and structures in neural systems. At the same time, the relation between the impaired behavior and the disruption of criticality would help clarify its role in normal brain function. The main objective of this Research Topic is to investigate the emergence/disruption of the emergent critical-like states in healthy/impaired neural systems and to link these phenomena to the underlying cellular and network features, with specific attention to structural connectivity. In particular, we would like this Research Topic to collect contributions coming from the study of neural systems at different levels of architectural complexity (from in vitro neuronal ensembles up to the human brain imaged by fMRI). 410 0$aFrontiers research topics. 410 0$aFrontiers in systems neuroscience. 606 $aNeurosciences 606 $aNervous system 606 $aNeuroscience$2HILCC 606 $aHuman Anatomy & Physiology$2HILCC 606 $aHealth & Biological Sciences$2HILCC 610 $aComputational models 610 $ain vitro 610 $ain vivo 610 $anetwork dynamics 610 $aself-organized criticality 610 $aneuronal avalanches 610 $apower law 615 0$aNeurosciences. 615 0$aNervous system. 615 7$aNeuroscience 615 7$aHuman Anatomy & Physiology 615 7$aHealth & Biological Sciences 700 $aDietmar Plenz$4auth$01365907 702 $aMassobrio$b Paolo 702 $aArcangelis$b Lucilla de 702 $aPasquale$b Valentina 702 $aJensen$b Henrik Jeldtoft$f1956- 702 $aPlenz$b Dietmar 712 02$aFrontiers Research Foundation, 801 0$bPQKB 801 2$bUkMaJRU 906 $aBOOK 912 $a9910137218803321 996 $aCriticality as a signature of healthy neural systems$93387997 997 $aUNINA LEADER 05109nam 22012014a 450 001 996248093703316 005 20240410071125.0 010 $a0-520-92915-2 010 $a1-59734-757-4 024 7 $a10.1525/9780520929159 035 $a(CKB)1000000000030703 035 $a(EBL)227311 035 $a(OCoLC)475933700 035 $a(SSID)ssj0000282016 035 $a(PQKBManifestationID)11259617 035 $a(PQKBTitleCode)TC0000282016 035 $a(PQKBWorkID)10306643 035 $a(PQKB)11524915 035 $a(StDuBDS)EDZ0000084665 035 $a(MiAaPQ)EBC227311 035 $a(DE-B1597)518966 035 $a(DE-B1597)9780520929159 035 $a(Au-PeEL)EBL227311 035 $a(CaPaEBR)ebr10074318 035 $a(dli)HEB05544 035 $a(MiU)MIU01000000000000007009175 035 $a(EXLCZ)991000000000030703 100 $a20031117d2004 uy 0 101 0 $aeng 135 $aurcn||||||||| 181 $ctxt 182 $cc 183 $acr 200 10$aModal subjectivities $eself-fashioning in the Italian madrigal /$fSusan McClary 205 $a1st ed. 210 $aBerkeley $cUniversity of California Press$dc2004 215 $a1 online resource (388 p.) 300 $aDescription based upon print version of record. 311 0 $a0-520-31425-5 311 0 $a0-520-23493-6 320 $aIncludes bibliographical references and index. 327 $aNight and deceit : Verdelot's Machiavelli -- The desiring subject, or subject to desire : Arcadelt -- Radical inwardness : Willaert's Musica nova -- The prisonhouse of mode : Cipriano de Rore -- The Coney Island of the madrigal : Wert and Marenzio -- The luxury of solipsism : Gesualdo -- The Mirtillo/Amarilli controversy : Monteverdi -- I modi. 330 $aIn this boldly innovative book, renowned musicologist Susan McClary presents an illuminating cultural interpretation of the Italian madrigal, one of the most influential repertories of the Renaissance. A genre that sought to produce simulations in sound of complex interiorities, the madrigal introduced into music a vast range of new signifying practices: musical representations of emotions, desire, gender stereotypes, reason, madness, tensions between mind and body, and much more. In doing so, it not only greatly expanded the expressive agendas of European music but also recorded certain assumptions of the time concerning selfhood, making it an invaluable resource for understanding the history of Western subjectivity. Modal Subjectivities covers the span of the sixteenth-century polyphonic madrigal, from its early manifestations in Philippe Verdelot's settings of Machiavelli in the 1520's through the tortured chromatic experiments of Carlo Gesualdo. Although McClary takes the lyrics into account in shaping her readings, she focuses particularly on the details of the music itself-the principal site of the genre's self-fashionings. In order to work effectively with musical meanings in this pretonal repertory, she also develops an analytical method that allows her to unravel the sophisticated allegorical structures characteristic of the madrigal. This pathbreaking book demonstrates how we might glean insights into a culture on the basis of its nonverbal artistic enterprises. 606 $aMadrigals, Italian$zItaly$y16th century$xAnalysis, appreciation 606 $aMusical form$xHistory$y16th century 606 $aMusic theory$xHistory$y16th century 606 $aMusic and language 610 $aaesthetics. 610 $aaffect. 610 $aamarilli. 610 $aarchadelt. 610 $achoral music. 610 $achurch music. 610 $acipriano de rore. 610 $aensemble music. 610 $agender. 610 $agesualdo. 610 $aguarini. 610 $ahistory. 610 $ahuman subjectivity. 610 $aidentity. 610 $ainteriority. 610 $aitalian culture. 610 $aitaly. 610 $amachiavelli. 610 $amadrigals. 610 $amarenzio. 610 $amichelangelo. 610 $amirtillo. 610 $amonteverdi. 610 $amusic history. 610 $amusic theory. 610 $amusic. 610 $amusica nova. 610 $amusical form. 610 $amusical grammar. 610 $amusical modes. 610 $amusicology. 610 $anonfiction. 610 $arenaissance. 610 $asalome. 610 $aself fashioning. 610 $aself. 610 $asexuality. 610 $asocial history. 610 $astrauss. 610 $averdelot. 610 $awert. 610 $awillaert. 610 $azarlino. 615 0$aMadrigals, Italian$xAnalysis, appreciation. 615 0$aMusical form$xHistory 615 0$aMusic theory$xHistory 615 0$aMusic and language. 676 $a782.4/3/0945 700 $aMcClary$b Susan$01005722 801 0$bMiAaPQ 801 1$bMiAaPQ 801 2$bMiAaPQ 906 $aBOOK 912 $a996248093703316 996 $aModal subjectivities$92312888 997 $aUNISA LEADER 03109nam 2201165z- 450 001 9910743270703321 005 20230911 035 $a(CKB)5690000000228601 035 $a(oapen)doab114004 035 $a(EXLCZ)995690000000228601 100 $a20230920c2023uuuu -u- - 101 0 $aeng 135 $aurmn|---annan 181 $ctxt$2rdacontent 182 $cc$2rdamedia 183 $acr$2rdacarrier 200 00$aWearable Sensors & Gait 210 $cMDPI - Multidisciplinary Digital Publishing Institute$d2023 215 $a1 online resource (254 p.) 311 08$a3-0365-8643-1 606 $aTechnology: general issues$2bicssc 610 $a3-D gait analysis 610 $aaerobic 610 $aagreement of measurements 610 $aanalysis 610 $aassessment 610 $abiomechanics 610 $aclinical measurement 610 $acycling 610 $adata histogram 610 $adecision tree 610 $adiabetic foot 610 $adistance estimation 610 $afunctional scales 610 $agait 610 $agait analysis 610 $agait cycle 610 $agait disturbance 610 $agait parameters 610 $agait retraining 610 $agait speed 610 $aground reaction force 610 $ahierarchical cluster analysis 610 $ahuman running 610 $aIMU 610 $ainertial measurement unit 610 $ainertial sensor unit 610 $ainertial sensors 610 $ainjury 610 $akinematics 610 $aload monitoring 610 $aloaded sprint 610 $amachine learning 610 $amalleolar fractures 610 $amarkerless 610 $amobile power meter 610 $amonitoring foot temperature 610 $amuscle activation 610 $amusic therapy 610 $aon-ankle path loss 610 $aorientation-invariant 610 $aParkinson's disease 610 $aperformance 610 $aphysiology 610 $aportable gait rhythmogram 610 $apower 610 $aprincipal component analysis 610 $arandom forest 610 $aregression 610 $aRSSI 610 $arunning 610 $arunning biomechanics 610 $arunning conditions 610 $asensor fusion 610 $asled-push 610 $asmart wearable 610 $aspatiotemporal parameters 610 $astep length estimation 610 $astrike length estimation 610 $astroke 610 $asurface electromyography 610 $asynergy 610 $ateam-sports 610 $atechnology 610 $atesting 610 $atraining 610 $atriathletes 610 $atwo-term Gaussian distribution 610 $aVO2max 610 $awalking 610 $awearable 610 $awearable device 610 $awearable devices 610 $awearable sensor 610 $awearables 615 7$aTechnology: general issues 906 $aBOOK 912 $a9910743270703321 996 $aWearable Sensors & Gait$93560505 997 $aUNINA